LEADER 01148nam a2200253 i 4500 001 000000019736 003 CaOOAMICUS 005 20220516124105.0 008 180830s1941 it u000 u ita u 040 $aSeMil$bita 100 1 $aTolstoj, Lev Nikolàevi?,$d<1828-1910>.$0(OLS)http://semarc/name/3624 240 10$aAnna Karenina.$0(OLS)http://semarc/title/440012 245 10$aAnna Karénina (1873-1876) /$cLeone Nikolaievic Tolstoi ; a cura della duchessa d' Andria. 264 1$aTorino :$bUnione Tipografico-Editrice Torinese,$c1941. 300 $a2 v. ;$c19 cm. 490 1 $aI grandi scrittori stranieri 650 4$aTolstoj, Lev Nikolàevi? <1828-1910> - Opere.$0(OLS)http://semarc/subject/52196 700 1 $aCarafa Capecelatro, Enrichetta,$d<1863-1941>.$0(OLS)http://semarc/name/8811 774 0 $tVol. 1.$w()173002 774 0 $tVol. 2.$w()173003 830 2$aI grandi scrittori stranieri.$0(OLS)http://semarc/title/302 996 $6245$aAnna Karénina (1873-1876)$9(OLS)http://semarc/title/25982 996 $6264$aTorino :$bUnione Tipografico-Editrice Torinese$9(OLS)http://semarc/publisher/29628 LEADER 01277nam a2200265 i 4500 001 000000058273 003 CaOOAMICUS 005 20111221000000.0 008 111221s1979 it u000 u ita u 013 $a29445 040 $aSeMil$bita 100 1 $aAliberti, Giovanni.$0(OLS)http://semarc/name/26128 245 10$aStrutture sociali e classe dirigente nel Mezzogiorno Liberale /$cGiovanni Aliberti. 260 $aRoma :$bEdizioni di Storia e Letteratura,$c1979. 300 $a373 p. :$btabelle ;$c26 cm. 490 0 $aBiblioteca di storia sociale ;$v9 500 $aPubblicato con il contributo del Consiglio Nazionale delle ricerche e dell'Associazione "Don Giuseppe De Luca". 600 14$aSturzo, Luigi .$0(OLS)http://semarc/subject/414 650 4$aItalia meridionale - Storia.$0(OLS)http://semarc/subject/10915 830 0$aBiblioteca di storia sociale ;$v9.$0(OLS)http://semarc/title/610 850 $aSeMil 852 $aSeMil$W1$xVenegono$y1$m3T V 299$j24426$B24426$CSeMilBibl$Z2$F24429 $81 961 $aAcquisto: Casa editrice 996 $6245$aStrutture sociali e classe dirigente nel Mezzogiorno Liberale$9(OLS)http://semarc/title/90809 996 $6260$aRoma :$bEdizioni di Storia e Letteratura$9(OLS)http://semarc/publisher/29779